[Event "AUTO-INT-2350"]
[Site "http://www.queenalice.com/game.php?id=1159369"]
[Date "2013.3.9"]
[Round "3"]
[White "marcomasao"]
[Black "MONSTERXADREZ"]
[Result "1-0"]
[WhiteElo "1651"]
[BlackElo "1538"]

1. e4 d6 2. Bc4 g6 3. Qf3 Nf6 4. Nh3 Bg7 5. Ng5 e6 6. d3 Bh6 7. h4 O-O 8. b4 Qe7
9. Bb2 Nbd7 10. Bxf6 Nxf6 11. Nc3 c6 12. Nh3 b5 13. Bb3 e5 14. Qe2 Bg4 15. f3
Bxh3 16. Rxh3 Bg7 17. g4 Qd7 18. Qh2 a6 19. g5 Ne8 20. h5 gxh5 21. Rxh5 c5 22.
bxc5 dxc5 23. O-O-O b4 24. Nd5 a5 25. Nb6 Qd8 26. Nxa8 Qxa8 27. Rh1 h6 28. Rxh6
Bxh6 29. Qxh6 Nd6 30. Qh7# 1-0

[Event "AUTO-INT-2350"]
[Site "http://www.queenalice.com/game.php?id=1159370"]
[Date "2013.3.9"]
[Round "3"]
[White "MONSTERXADREZ"]
[Black "marcomasao"]
[Result "0-1"]
[WhiteElo "1440"]
[BlackElo "1617"]

1. d4 e6 2. g3 Nf6 3. Bg2 Nc6 4. Nf3 g6 5. O-O Bg7 6. Bg5 h6 7. Bxf6 Qxf6 8. c3
d6 9. Nbd2 Bd7 10. b4 a6 11. a4 O-O-O 12. b5 Nb8 13. bxa6 Nxa6 14. Ne4 Qe7 15.
a5 Bc6 16. Ned2 b5 17. c4 b4 18. Rb1 f5 19. e3 Qe8 20. Qe2 Bb7 21. Nb3 g5 22. c5
c6 23. Rbc1 d5 24. Rc2 g4 25. Ne5 Bxe5 26. dxe5 h5 27. h4 Rd7 28. Nd4 Nxc5 29.
Rxc5 Qf8 30. Nxe6 Qe7 31. a6 Ba8 32. Nd4 Qxc5 33. Nb3 Qa7 34. e6 Re7 35. Nc5
Qxc5 36. Qb2 Rhe8 37. Rc1 Qa7 38. Bxd5 Kd8 39. Bxc6 Bxc6 40. Rxc6 Rxe6 41. Qd2+
Ke7 42. Qxb4+ Kf7 43. Rc5 Qxa6 44. Rxf5+ Kg6 45. Rg5+ Kh6 46. Qc3 Qb7 47. f4 Rd6
48. Qe1 Rde6 49. Qc3 Rc6 50. Qa1 Qc7 51. Kf2 Rc2+ 52. Kf1 Rc1+ 53. Qxc1 Qxc1+
54. Kf2 Qxe3+ 55. Kg2 Qe2+ 0-1

[Event "Challenge"]
[Site "http://www.queenalice.com/game.php?id=1162651"]
[Date "2013.3.19"]
[Round "-"]
[White "MONSTERXADREZ"]
[Black "zmanomega"]
[Result "0-1"]
[WhiteElo "1416"]
[BlackElo "1566"]

1. d4 d5 2. g3 Bg4 3. Bg2 e6 4. Nd2 Bb4 5. a3 Bxd2+ 6. Bxd2 Nf6 7. Bg5 Bf5 8.
Nf3 Be4 9. O-O O-O 10. b4 Bxf3 11. Bxf6 Qxf6 12. exf3 Nc6 13. b5 Na5 14. a4 b6
15. f4 Nc4 16. c3 Rac8 17. Rb1 c5 18. dxc5 Rxc5 19. Rc1 Rfc8 20. Re1 Nb2 21. Qc2
Nc4 22. h4 Nd6 23. Bf1 Ne4 24. Bd3 Rxc3 0-1

[Event "Let's Play Chess!"]
[Site "http://www.queenalice.com/game.php?id=1171402"]
[Date "2013.4.14"]
[Round "-"]
[White "MONSTERXADREZ"]
[Black "carlosufpe"]
[Result "0-1"]
[WhiteElo "1451"]
[BlackElo "1582"]

1. d4 d6 2. g3 e6 3. Bg2 d5 4. Nf3 g6 5. O-O Bg7 6. c3 c6 7. Bg5 Bf6 8. Bxf6
Nxf6 9. b4 O-O 10. a4 Nbd7 11. a5 b5 12. Nbd2 Re8 13. Qc1 Qe7 14. Nb3 e5 15. Qh6
Ng4 16. Qd2 e4 17. Ng5 h6 18. Nh3 Kg7 19. Rae1 Ngf6 20. f3 Nf8 21. fxe4 dxe4 22.
e3 Bxh3 23. Bxh3 Red8 24. Nc5 a6 25. Bg2 N8d7 26. Nb7 Rdb8 27. Nc5 Nxc5 28. bxc5
Nd5 29. Qc2 f5 30. Rf2 Qg5 31. Qe2 Nxc3 32. Qb2 Nd5 0-1

[Event "JOGO 3"]
[Site "http://www.queenalice.com/game.php?id=1171426"]
[Date "2013.4.14"]
[Round "-"]
[White "luk3993"]
[Black "MONSTERXADREZ"]
[Result "1-0"]
[WhiteElo "1493"]
[BlackElo "1498"]

1. d4 d5 2. f4 Nf6 3. Nc3 g6 4. h4 Bg7 5. e3 O-O 6. Bd3 Bg4 7. Nf3 Nbd7 8. e4
Bxf3 9. Qxf3 dxe4 10. Nxe4 Nxe4 11. Bxe4 Bxd4 12. f5 Ne5 13. Qf4 Rb8 14. h5 gxf5
15. Qg5+ Ng6 16. hxg6 fxg6 17. Qh6 Kf7 18. Qxh7+ Kf6 19. Bg5+ Kxg5 20. Qh4# 1-0

[Event "AUTO-INT-2608"]
[Site "http://www.queenalice.com/game.php?id=1171588"]
[Date "2013.4.14"]
[Round "1"]
[White "MONSTERXADREZ"]
[Black "fisionboy"]
[Result "0-1"]
[WhiteElo "1349"]
[BlackElo "1817"]

1. d4 d5 2. Nf3 Nc6 3. g3 Nf6 4. Bg2 Bf5 5. O-O g6 6. Nc3 Nb4 7. Ne1 Bg7 8. a3
Nc6 9. Bg5 O-O 10. b4 Re8 11. Bxf6 Bxf6 12. Bxd5 Nxd4 13. Bxb7 Rb8 14. Bd5 c6
15. Bg2 Qb6 0-1

[Event "AUTO-INT-2608"]
[Site "http://www.queenalice.com/game.php?id=1171589"]
[Date "2013.4.14"]
[Round "1"]
[White "fisionboy"]
[Black "MONSTERXADREZ"]
[Result "1-0"]
[WhiteElo "1819"]
[BlackElo "1347"]

1. d4 d5 2. c4 dxc4 3. Nc3 Nf6 4. e3 g6 5. Nf3 Bg7 6. Bxc4 O-O 7. O-O c6 8. Qb3
Bg4 9. Be2 b5 10. h3 Bxf3 11. Bxf3 a5 12. Bd2 a4 13. Qc2 b4 14. Nxa4 Na6 15.
Qxc6 1-0

[Event "AUTO-INT-2608"]
[Site "http://www.queenalice.com/game.php?id=1171590"]
[Date "2013.4.14"]
[Round "1"]
[White "MONSTERXADREZ"]
[Black "tche_elvio"]
[Result "0-1"]
[WhiteElo "1529"]
[BlackElo "1444"]

1. d4 g6 2. Nf3 Bg7 3. g3 Nf6 4. Bg2 O-O 5. O-O d6 6. Bg5 Nc6 7. Nc3 Bg4 8. Bxf6
Bxf6 9. Nd5 Bxf3 10. Nxf6+ exf6 11. Bxf3 h5 0-1

[Event "AUTO-INT-2608"]
[Site "http://www.queenalice.com/game.php?id=1171591"]
[Date "2013.4.14"]
[Round "1"]
[White "tche_elvio"]
[Black "MONSTERXADREZ"]
[Result "1-0"]
[WhiteElo "1468"]
[BlackElo "1431"]

1. d4 d5 2. c4 dxc4 3. Nc3 Nf6 4. e3 b5 5. Nxb5 Bd7 6. Bxc4 g6 7. Nf3 Bg7 8. Ne5
e6 9. Nxd7 Nbxd7 10. O-O O-O 11. Nc3 a5 12. b3 Qe7 13. Bb2 c5 14. dxc5 Nxc5 15.
Qe2 1-0

[Event "AUTO-INT-2608"]
[Site "http://www.queenalice.com/game.php?id=1171592"]
[Date "2013.4.14"]
[Round "1"]
[White "MONSTERXADREZ"]
[Black "LEOKnopp"]
[Result "0-1"]
[WhiteElo "1492"]
[BlackElo "1462"]

1. d4 d5 2. Nf3 Bg4 3. c3 e6 4. Bg5 Be7 5. Bxe7 Nxe7 6. g3 Nf5 7. Bg2 Nc6 8. O-O
O-O 9. Nbd2 Na5 10. b4 Nc4 11. Nxc4 b5 12. Ncd2 a5 13. bxa5 Rxa5 0-1

[Event "AUTO-INT-2608"]
[Site "http://www.queenalice.com/game.php?id=1171593"]
[Date "2013.4.14"]
[Round "1"]
[White "LEOKnopp"]
[Black "MONSTERXADREZ"]
[Result "1-0"]
[WhiteElo "1479"]
[BlackElo "1475"]

1. e4 g6 2. d4 Bg7 3. e5 Nc6 4. Nf3 e6 5. Bg5 Nce7 6. Nc3 d5 7. exd6 cxd6 8.
Bb5+ Bd7 9. a4 a6 10. O-O axb5 11. Bf4 Nf6 12. axb5 Rxa1 13. Qxa1 O-O 14. Bxd6
Nf5 15. Be5 1-0